02183nam a2200373 a 4500001001000000003000900010005001700019008004100036020001500077040002500092082001800117100002700135245045900162260006100621300001700682490007900699500002100778505029000799600007501089600005201164600002001216650006001236651009401296700003701390700004901427700003901476700003501515700003501550700003301585700003901618700003701657700003401694830008101728000041783DO-SdBNP20250318154433.0131017s1983 sp 000 0 spa d a8400052471 aDO-SdBNPbspacBNPHU 4a345.460262221 aMuro Orejón, Antonio10aPleitos Colombinos /cedición preparada por Antonio Muro Orejón con la colaboración de Florentino Pérez-Embid, José Antonio Calderon Quijano, Francisco Morales Padron, Tomas Marín Martinez ; versión y revisión paleográfica de José Llavador Mira, Miguel Maticorena Estrada, Bibiano Torres Ramírez, Consuelo Varela Bueno.b[Edición preparada por Antonio Muro Orejón, con la colaboración de Florentino Pérez-Embid, et al.] aSevilla :bEscuela de Estudios Hispanoamericanos,c1983. av. ;c24 cm.1 aPublicaciones de la escuela de estudios hispano-americanos de Sevillav282 aIncluye índice0 gv. 1. t Proceso hasta la sentencia de Sevilla (1511).gv.2.tPleitos sobre el Darien (1512-1519)gv.3.tProbanzas del Almirante de las Indias (1512-1515)gv. 4.tProbanzas del fiscal (1512-1515)gv.8. tRollo del proceso sobre la apelación de la sentencia de Dueñas, 1534-1536. 4aRuiz, PedrodActivo del siglo XV al siglo XVIxJuicios, litigios, etc. 4aColón, Diego,d-1526xJuicios, litigios, etc. 4aFamilia Colón 4aConcesiones de tierrasxLegislaciónzAmérica Latina 4aAmérica --xDescubrimiento y exploración --xEspañolesvEnsayo, conferencias, etc.1 a Perez-Embid, Florentinoecolab.1 aCalderón Quijano, José Antonio ecolab.1 aMorales Padron, Francisco ecolab.1 aMarin Martinez, Tomas ecolab.1 aLlavador Mira, Joséecolab. 1 aLavador Mira, José,erev.1 aMaticorena Estrada, José erev. 1 aTorres Ramírez, Bibianoerev. 1 aVarela Bueno, Consuelo erev. 0aPublicaciones de la escuela de estudios hispano-americanos de Sevilla ;n282